Gasing kecil

Bibliographic Details
Format: Book
Published: Kuala Lumpur : Fargoes , 2005
Series:Siri tekun membaca
Subjects:

MARC

LEADER 00000cam a2200000 7i4500
001 0000000245
005 20151222.0
008 070627
020 |a 9831283155 
090 0 0 |a JF   |b MOR JAW (259) 
245 0 0 |a Gasing kecil 
260 |a Kuala Lumpur :   |b Fargoes ,   |c 2005 
440 |a Siri tekun membaca 
500 |a Children ages 7-9 years old (orange) 
650 0 |a Jawi 
999 |a 0000899577   |b Book   |c Children Collection   |e Cawangan Tmn. Ungku Tun Aminah 
999 |a 0000899578   |b Book   |c Children Collection   |e Cawangan Tmn. Ungku Tun Aminah 
999 |a 0000899580   |b Book   |c Children Collection   |e Cawangan Taman Universiti 
999 |a 0000899585   |b Book   |c Children Collection   |e Cawangan Mersing 
999 |a 0000899586   |b Book   |c Children Collection   |e Cawangan Mersing 
999 |a 0000954599   |b Book   |c Children Collection   |e Perbadanan Perpustakaan Awam Johor 
999 |a 0000954600   |b Book   |c Children Collection   |e Perbadanan Perpustakaan Awam Johor 
999 |a 0000954601   |b Book   |c Children Collection   |e Cawangan Bukit Gambir 
999 |a 0000954602   |b Book   |c Children Collection   |e Cawangan Kota Tinggi 
999 |a 0000988470   |b Book   |c Children Collection   |e Cawangan Tangkak 
999 |a 0000988471   |b Book   |c Children Collection   |e Cawangan Tangkak